Piłkarze według państwa - Statystyki

Ogólne statystyki
  • Ten quiz został rozwiązany 48 razy
  • Średni wynik to 9 z 10
Statystyki odpowiedzi
Piłkarze Państwa % Poprawnych
Heung-min Son Korea Południowa
98%
Sadio Mane Senegal
98%
Edinson Cavani Urugwaj
98%
James Rodriguez Kolumbia
96%
Didier Drogba Wybrzeże Kości Słoniowej
94%
Pierre-Emerick Aubameyang Gabon
91%
Emre Can Niemcy
91%
Kaoru Mitoma Japonia
89%
Andre Onana Kamerun
85%
Jose Luis Chilavert Paragwaj
38%
Nie znaleziono quizów pasujących do podanych kryteriów
Rozkład punktacji
Procent ludzi z każdym wynikiem
Percentyl według liczby udzielonych odpowiedzi
Twoja historia wyników
Nie rozwiązałeś tego quizu